| 000 | 00959nam a2200217 u 4500 | ||
|---|---|---|---|
| 001 | 000384390 | ||
| 003 | AM-YeHGA | ||
| 005 | 20250618072323.0 | ||
| 008 | 041118s1984 ai r 000 0 arm d | ||
| 040 | _aAM-YeHGA | ||
| 041 | 0 | _aarm | |
| 100 | 1 | _aԹադևոսյան, Հրայր Թևոսի | |
| 245 | 1 | 0 |
_aՍանձված ջրեր : _bԿապույտ լճերի երկիրը : Դպր. բարձր տարիքի համար / _cՀ.Թ. Թադևոսյան; Գրախոս.՝ Խ.Է. Սաֆարյան; Խմբ.՝ Լ.Գ. Սարգսյան; Նկ.՝ Վ.Ո. Հովակիմյան. |
| 260 |
_aԵրևան : _bԼույս, _c1984. |
||
| 300 |
_a62 էջ : _bնկ. ; _c17 սմ. |
||
| 650 | 1 | 4 |
_aՋրատնտեսական կառույցներ _zՀայաստան |
| 700 | 1 |
_aՍաֆարյան, Խաչիկ Էլոյի, _d1932-2001 _91759 |
|
| 700 | 1 |
_aՍարգսյան, Լ.Գ. _eխմբ. _4edt |
|
| 700 | 1 |
_aՀովակիմյան, Վաղինակ Ոսկանի _eնկ. _4art |
|
| 090 | _c147855 | ||
| 999 |
_c146468 _d146468 |
||